000 00686nam a2200193Ia 4500
003 GCL
008 140319s9999 xx 000 0 ara d
040 _aGCL /
_cGCL
082 0 4 _a822
_bم ر
100 1 _aشكسبير، ويليام
245 1 0 _aكوريولانوس /
_cشكسبير، ويليام
700 1 _aجمال عبدالناصر
260 _aالقاهرة :
_bالمركز القومى للمسرح والموسيقى ،
_c2004
300 _a239 ص ؛
_c24 سم
490 _aروائع المسرح العالمى
_v10
650 0 4 _aالمسرحيات الانجليزية المترجمة
650 0 4 _aالادب العالمى المترجم
942 _2ddc
_cBK
999 _c6806
_d6806